Getting on. Series 2, Episode 5 /

Following record audiences and critical acclaim, director Peter Capaldi's wonderful comedy returns, as Kim, Den and Dr Moore clock in for six more glimpses at the daily grind on a female medical ward in the backwaters of the National Health Service. The legacy of Kim's threatened suspensio...

Full description

Bibliographic Details
Other Authors: Capaldi, Peter (Director), Brand, Jo (Actor), Pepperdine, Vicki, 1961- (Actor), Scanlan, Joanna (Actor), Grover, Ricky (Actor), Atkinson, Geoff (Producer)
Format: Video
Language:English
Language Notes:In English.
Published: London, England : BBC Worldwide, 2010.
Series:Getting On, Series 2
Subjects:
Online Access:Connect to this streaming video (Alexander Street Press)

MARC

Tag First Indicator Second Indicator Subfields
LEADER 00000cgm a2200000Mi 4500
001 in00005594792
006 m o c
007 cr |n||||||||a
007 vz |za|z|
008 210427s2010 enk030 e o vneng d
005 20241201233707.3
035 |a (OCoLC)on1251433229 
040 |a ALSTP  |b eng  |e rda  |c ALSTP  |d OCLCO  |d OCLCF  |d OCLCO  |d CJT  |d OCLCL  |d OCLCQ 
019 |a 1373444856 
024 8 |a ASP5113723/marc 
035 |a (OCoLC)1251433229  |z (OCoLC)1373444856 
043 |a e-uk--- 
049 |a TXAM 
245 0 0 |a Getting on.  |n Series 2, Episode 5 /  |c produced by Geoff Atkinson ; directed by Peter Capaldi. 
264 1 |a London, England :  |b BBC Worldwide,  |c 2010. 
300 |a 1 online resource (30 minutes) 
306 |a 002918 
336 |a two-dimensional moving image  |b tdi  |2 rdacontent 
337 |a computer  |b c  |2 rdamedia 
337 |a video  |b v  |2 rdamedia 
338 |a online resource  |b cr  |2 rdacarrier 
347 |a video file  |2 rda 
490 0 |a Getting On, Series 2 
500 |a Title from resource description page (viewed May 1, 2021). 
520 |a Following record audiences and critical acclaim, director Peter Capaldi's wonderful comedy returns, as Kim, Den and Dr Moore clock in for six more glimpses at the daily grind on a female medical ward in the backwaters of the National Health Service. The legacy of Kim's threatened suspension lingers, new patients bring new problems, Den and Hilary's relationship is no clearer than before and Pippa's career is under the microscope. Elsewhere, a planned new wing is dangled before the staff like a carrot, complete with glossy photos, and Pippa's investigation into stools is a hit - but other than that life continues much as before. Doing the best they can in a place where difficult choices are the order of the day, this series promises some of the darkest, warmest comedy around, and shows us that sadness and laughter can sit comfortably together after all. Series 2, Episode 5, A graduate nurse drives a wedge between Den and Kim, and Hilary's elaborate new hand washing protocols hardly help matters. Pippa suffers the indignity of re-applying for her own job. Luckily, Kim and Den find a way of cheering things up, even if Dr Moore may not see the funny side. 
546 |a In English. 
610 1 0 |a Great Britain.  |b National Health Service  |v Humor. 
610 1 7 |a Great Britain.  |b National Health Service.  |2 fast  |0 (OCoLC)fst00677878 
650 0 |a Television comedies  |z Great Britain. 
650 0 |a Medical care  |z Great Britain  |v Humor. 
650 0 |a Older people  |x Medical care  |z Great Britain  |v Humor. 
650 6 |a Comédies télévisées  |z Grande-Bretagne. 
650 6 |a Personnes âgées  |x Soins médicaux  |z Grande-Bretagne  |v Humour. 
650 7 |a Medical care.  |2 fast  |0 (OCoLC)fst01013753 
650 7 |a Older people  |x Medical care.  |2 fast  |0 (OCoLC)fst01199115 
650 7 |a Television comedies.  |2 fast  |0 (OCoLC)fst01146832 
651 7 |a Great Britain.  |2 fast  |0 (OCoLC)fst01204623  |1 https://id.oclc.org/worldcat/entity/E39PBJdmp7p3cx8hpmJ8HvmTpP 
655 7 |a Humor.  |2 fast  |0 (OCoLC)fst01423696 
655 7 |a Medical television programs.  |2 fast  |0 (OCoLC)fst01726173 
655 7 |a Television comedies.  |2 fast  |0 (OCoLC)fst01710440 
655 7 |a Television comedies.  |2 lcgft 
655 7 |a Medical television programs.  |2 lcgft 
655 7 |a Comédies télévisées.  |2 rvmgf 
700 1 |a Capaldi, Peter,  |e director. 
700 1 |a Brand, Jo,  |e actor. 
700 1 |a Pepperdine, Vicki,  |d 1961-  |e actor.  |1 https://id.oclc.org/worldcat/entity/E39PCjthqbJyyGXDVKPvxbDCV3 
700 1 |a Scanlan, Joanna,  |e actor. 
700 1 |a Grover, Ricky,  |e actor. 
700 1 |a Atkinson, Geoff,  |e producer. 
710 2 |a BBC Worldwide Ltd.,  |e film distributor. 
758 |i has work:  |a Getting on Series 2, Episode 5 (MovingImage)  |1 https://id.oclc.org/worldcat/entity/E39PCFCyjJw979g3W7RBfftgw3  |4 https://id.oclc.org/worldcat/ontology/hasWork 
856 4 0 |u http://proxy.library.tamu.edu/login?url=https://www.aspresolver.com/aspresolver.asp?MARC;5113723  |z Connect to this streaming video (Alexander Street Press)  |t 0 
955 |a Alexander Street Press subscription streaming video 
994 |a 92  |b TXA 
999 f f |s 65b44b0a-73a8-4949-adcf-eecb7c53240e  |i fa35392a-ef6f-43bd-8df9-eafc989f9512  |t 0 
952 f f |a Texas A&M University  |b College Station  |c Electronic Resources  |d Available Online  |t 0  |h Library of Congress classification 
998 f f |t 0  |l Available Online